000
00292nam a22001337a 4500
008
180207b xxu||||| |||| 00| 0 eng d
020
_a
9780323009140
041
_a
eng
080
_a
61
100
_a
3
101
_a
SHM
245
_a
FAMILY PRACTICE REVIEW
_c
ALFRED.F.T
942
_2
udc
_c
BK
999
_c
41999
_d
41999